| 000 | 00516nam a22001937a 4500 | ||
|---|---|---|---|
| 003 | DO-SdBNP | ||
| 005 | 20220927101827.0 | ||
| 007 | ta | ||
| 008 | 110713s1922 pr c r 000 p spa d | ||
| 040 |
_aDO-SdBNP _bspa _cBNPHU |
||
| 082 |
_axxxx _bM671a |
||
| 100 |
_aMirabal, Antonio _958511 _d1880-1966 |
||
| 245 | 1 | 0 |
_aAlas y olas / _cAntonio Mirabal |
| 260 |
_aPuerto Rico : _bEl Dia, _c[1922]. |
||
| 300 |
_a120 p. ; _bretrs. _c20 cm. |
||
| 590 | _aInventariado, 2022/ YL | ||
| 910 | _aYLockward | ||
| 942 |
_2ddc _cLBS1 |
||
| 999 |
_c52481 _d52481 |
||